KOHA-Header-6

Advanced Accounting and cost Accounting (Record no. 8071)

000 -LEADER
fixed length control field 00279nam a2200109Ia 4500
100 ## - MAIN ENTRY--AUTHOR NAME
Personal name Syed Zainul abdein
245 #0 - TITLE STATEMENT
Title Advanced Accounting and cost Accounting
260 ## - PUBLICATION, DISTRIBUTION, ETC. (IMPRINT)
Place of publication Karachi
Name of publisher Gardezi
Year of publication 2001
300 ## - PHYSICAL DESCRIPTION
Number of Pages 609
942 ## - ADDED ENTRY ELEMENTS (KOHA)
Koha item type Books
Holdings
Withdrawn status Lost status Collection code Permanent Location Current Location Shelving location Date acquired Full call number Accession Number Koha item type
      MAJU MAJU   2019-09-13 658.2 2484 Accounting

Powered by Koha